00533nam a22001697a 450000500170000001000150001702000250003203500140005703700130007108200180008410000190010224500560012126000360017727000940021330000420030770000140034920220721112903.0 aENG-133759 c60.00a9789383657452 aEN-117291 bDBAD/PUB a303.484095482 aPandian, M S S aInterpreting The Dravidian Movement/cM S S Pandian aNew DelhibCritical Questc2018 a420, G-Block, Phase VI, Aya NagarbNew Delhie110047k9910036543mcriticalquest@gmail.com a96p.c21cm(pbk)bReferences, Endnotes aS Anandhi